Praxis pietatis, to jest, O cvičení se v pobožnosti pravé : knížka milostná, kterak by křesťanský člověk v pravé a spasitedlné známosti jak Boha tak i sebe samého platně prospívati a život svůj v bázni Boží dobře spořádaje, potěšeně v svědomí pokojném stráviti i naposledy jej po dokonání blahoslaveně zavříti mohl, vyučující / prací Jana Amosa Komenského ; díl první i druhý s přídavky a předmluvou Jana Bohumila Elsnera
Record details
- Physical Description: xiv, 433 s. ; 19 cm
- Edition: Vyd. 12.
- Publisher: V Praze : nákladem Křesťanského spolku mladíků v Čechách, 1922
Content descriptions
| General Note: | "Podle vyd. amsterodamského z r. P. 1661 doplněné" První díl je volný překlad díla Lewise Baylyho The praxis of piety, druhý díl volný překlad díla Josepha Halla The art of divine meditation; obojí volně přeložil Komenský z německých překladů a připojil svoje přídavky |
Search for related items by subject
| Subject: | zbožnost křesťanské ctnosti křesťanský život duchovní život |
| Genre: | pojednání |
Available copies
- 2 of 2 copies available at Common Catalog SPOK.
Holds
- 0 current holds with 2 total copies.
Other Formats and Editions
Show Only Available Copies
| Location | Call Number / Copy Notes | Barcode | Shelving Location | Status | Due Date |
|---|---|---|---|---|---|
| ETS Library | 238.43 | 424470018190 | Volný výběr | Available | - |
| ETS Library | 238.43 | 424470020441 | Volný výběr | Available | - |
Electronic resources
Version of Resource: Digitalizovaný dokument
| LDR | 02253nam a22004451 4500 | ||
|---|---|---|---|
| 001 | 47956 | ||
| 003 | CZ-PrJAB | ||
| 005 | 20190307151033.0 | ||
| 007 | ta | ||
| 008 | 000229s1922 xr e 000 0 cze | ||
| 015 | . | ‡acnb000578868 | |
| 020 | . | ‡q(Brož.) | |
| 035 | . | ‡a(CZ PrNK)nos190122081 | |
| 040 | . | ‡aABA001 ‡bcze ‡cULG001 ‡dABA001 | |
| 041 | 1 | . | ‡acze ‡kger ‡heng |
| 072 | 7. | ‡a27-4 ‡xPraktická teologie. Morální teologie ‡2Konspekt ‡95 | |
| 080 | . | ‡a2-532.2/-534 ‡2MRF | |
| 080 | . | ‡a27-423.7 ‡2MRF | |
| 080 | . | ‡a27-4 ‡2MRF | |
| 080 | . | ‡a27-584 ‡2MRF | |
| 080 | . | ‡a(049) ‡2MRF | |
| 082 | 1 | 4. | ‡a238.43 |
| 100 | 1 | . | ‡aKomenský, Jan Amos, ‡d1592-1670 ‡7jk01061444 ‡4aut |
| 240 | 1 | 0. | ‡aPraxis pietatis ‡7aun2010588466 |
| 245 | 1 | 0. | ‡aPraxis pietatis, to jest, O cvičení se v pobožnosti pravé : ‡bknížka milostná, kterak by křesťanský člověk v pravé a spasitedlné známosti jak Boha tak i sebe samého platně prospívati a život svůj v bázni Boží dobře spořádaje, potěšeně v svědomí pokojném stráviti i naposledy jej po dokonání blahoslaveně zavříti mohl, vyučující / ‡cprací Jana Amosa Komenského ; díl první i druhý s přídavky a předmluvou Jana Bohumila Elsnera |
| 246 | 3 | 0. | ‡aO cvičení se v pobožnosti pravé |
| 250 | . | ‡aVyd. 12. | |
| 260 | . | ‡aV Praze : ‡bnákladem Křesťanského spolku mladíků v Čechách, ‡c1922 | |
| 300 | . | ‡axiv, 433 s. ; ‡c19 cm | |
| 500 | . | ‡a"Podle vyd. amsterodamského z r. P. 1661 doplněné" | |
| 500 | . | ‡aPrvní díl je volný překlad díla Lewise Baylyho The praxis of piety, druhý díl volný překlad díla Josepha Halla The art of divine meditation; obojí volně přeložil Komenský z německých překladů a připojil svoje přídavky | |
| 650 | 0 | 7. | ‡azbožnost ‡7ph127555 ‡2czenas |
| 650 | 0 | 7. | ‡akřesťanské ctnosti ‡7ph122116 ‡2czenas |
| 650 | 0 | 7. | ‡akřesťanský život ‡7ph122132 ‡2czenas |
| 650 | 0 | 7. | ‡aduchovní život ‡7ph114375 ‡2czenas |
| 655 | 7. | ‡apojednání ‡7fd133056 ‡2czenas | |
| 700 | 1 | . | ‡aBayly, Lewis, ‡d1565-1631 ‡7xx0044666 ‡4ant |
| 700 | 1 | . | ‡aHall, Joseph, ‡d1574-1656 ‡7mzk2008473291 ‡4ant |
| 700 | 1 | . | ‡aElsner, Jan Teofil, ‡d1717-1782 ‡7xx0219377 ‡4aui |
| 856 | 4 | 1. | ‡uhttp://krameriusndk.nkp.cz/search/handle/uuid:8fafc2c0-adf9-11e4-a7a2-005056827e51 ‡yDigitalizovaný dokument |
| 910 | . | ‡aABG450 | |
| 995 | . | ‡aska | |
| 901 | . | ‡a47956 ‡bCZ PrNK ‡c47956 ‡tbiblio | |